<?xml version="1.0" encoding="UTF-8"?>
<collection xmlns="http://www.loc.gov/MARC21/slim">
 <record>
  <leader>01717nam a2200181Ia 4500</leader>
  <controlfield tag="001">CTU_17040</controlfield>
  <controlfield tag="008">210402s9999    xx            000 0 und d</controlfield>
  <datafield tag="082" ind1=" " ind2=" ">
   <subfield code="a">541.24</subfield>
  </datafield>
  <datafield tag="082" ind1=" " ind2=" ">
   <subfield code="b">A259</subfield>
  </datafield>
  <datafield tag="100" ind1=" " ind2=" ">
   <subfield code="a">N P Agafosyn</subfield>
  </datafield>
  <datafield tag="245" ind1=" " ind2="0">
   <subfield code="a">Định luật tuần hoàn và hệ thống tuần hoàn các nguyên tố của Mendeleev</subfield>
  </datafield>
  <datafield tag="245" ind1=" " ind2="0">
   <subfield code="c">N P Agafosyn; Dịch giả: Đoàn Duy Lục</subfield>
  </datafield>
  <datafield tag="260" ind1=" " ind2=" ">
   <subfield code="a">Hà Nội</subfield>
  </datafield>
  <datafield tag="260" ind1=" " ind2=" ">
   <subfield code="b">KHKT</subfield>
  </datafield>
  <datafield tag="260" ind1=" " ind2=" ">
   <subfield code="c">1993</subfield>
  </datafield>
  <datafield tag="520" ind1=" " ind2=" ">
   <subfield code="a">Sách trình bày và giải thích toàn diện những vấn đề quan trọng nhất của định luật tuần hoàn và hệ thống tuần hoàn các nguyên tố của Mendeleev như: cấu tạo hệ thống tuần hoàn các nguyên tố, cấu tạo nguyên tử, thành phần và cấu tạo lớp vỏ điện tử của các nguyên tử, mối quan hệ hỗ tương của nó với cấu tạo hệ thống tuần hoàn, những quy luật thay đổi tính chất các hợp chất quan trọng nhất của các nguyên tố theo hệ thống tuần hoàn. Ngoài ra, sách còn trình bày những vấn đề khác như: thành phần và cấu tạo hạt nhân; những phản ứng hạt nhân nhân tạo; hiện tượng đồng vị và những quy luật của nó; việc điều chế nhân tạo các nguyên tố không có trong tự nhiên; triển vọng bổ sung tiếp tục cho hệ thống tuần hoàn...</subfield>
  </datafield>
  <datafield tag="650" ind1=" " ind2=" ">
   <subfield code="a">periodic laws,periodicals - circulation</subfield>
  </datafield>
  <datafield tag="980" ind1=" " ind2=" ">
   <subfield code="a">Trung tâm Học liệu Trường Đại học Cần Thơ</subfield>
  </datafield>
 </record>
</collection>
